Spájkovanie niklového kompozitu pomocou ultrazvuku

Enregistré dans:
Détails bibliographiques
Auteur principal: Belko, Maroš (Auteur)
Autres auteurs: Koleňák, Roman (Directeur de thèse)
Format: Manuscrit Livre
Langue:slovaque
Publié: 2023
Sujets:
Accès en ligne:http://is.stuba.sk/zp/portal_zp.pl?podrobnosti=170023
Tags: Ajouter un tag
Pas de tags, Soyez le premier à ajouter un tag!

MARC

LEADER 00000ntm a22000003a 4500
001 stuzp93505
003 SK-STU
005 20230909215241.4
007 ta
008 150427s2015----xo-----f-mn---000-0-slo-d
040 |a STU  |b slo 
041 0 |a slo 
100 1 |a Belko, Maroš  |u 063000  |4 aut  |U MTF Materiálovotechnologická fakulta  |T MTF Ústav výrobných technológií  |X 85379  |U M3000  |Y 83  |7 85379 
242 0 1 |a Soldering of nickel composite using ultrasound  |y eng 
245 1 0 |a Spájkovanie niklového kompozitu pomocou ultrazvuku 
260 |c 2023 
650 4 |a spájkovanie ultrazvukom  |2 slo 
650 4 |a aktívne spájkovanie  |2 slo 
650 4 |a ultrazvuk  |2 slo 
650 4 |a ultrasonic soldering  |2 eng 
650 4 |a active solder  |2 eng 
650 4 |a ultrasonic  |2 eng 
700 1 |a Koleňák, Roman  |u 063100  |k Z1  |4 ths  |U MTF Ústav výrobných technológií  |T MTF Katedra zvárania a spájania materiálov  |X 2767  |U M3100  |Y 162  |7 A000002767 
856 4 |u http://is.stuba.sk/zp/portal_zp.pl?podrobnosti=170023 
996 |c M* DP-15089  |l MMSKP  |s P  |a 0  |w stuzp93505_0001